|
|
|
|
| LEADER |
00955pam a22002778a 4500 |
| 001 |
00044007 |
| 005 |
20190409150453.0 |
| 008 |
110815s2007 ||||||viesd |
| 020 |
# |
# |
|c 19000
|
| 041 |
0 |
# |
|a vie
|
| 082 |
1 |
4 |
|a 370.15
|b Đ100TR
|
| 100 |
1 |
# |
|a Armstrong, Thomas
|
| 245 |
0 |
0 |
|a Đa trí tuệ trong lớp học
|c Thomas Armstrong; Lê Quang Long; Lê Thị Kim Dung
|
| 250 |
# |
# |
|a tái bản lần thứ nhất
|
| 260 |
# |
# |
|a Hà Nội
|b Giáo dục
|c 2014
|
| 300 |
# |
# |
|a 242 tr.
|b hình vẽ
|c 27 cm.
|
| 546 |
# |
# |
|a Muitiple intelligences in the classroom
|
| 653 |
# |
# |
|a Giá dục
|
| 653 |
# |
# |
|a phương pháo dạy học
|
| 653 |
# |
# |
|a trí tuệ
|
| 653 |
# |
# |
|a tâm lí
|
| 700 |
1 |
# |
|a Lê, Quang Long
|
| 700 |
1 |
# |
|a Lê, Thị Kim Dung
|
| 852 |
# |
# |
|j KM.0028812
|j KM.0028813
|j KD.0025690
|j KM.0028814
|j KM.0028815
|
| 910 |
# |
# |
|d 9/4/2019
|
| 980 |
# |
# |
|a Trung tâm Học liệu Lê Vũ Hùng, Trường Đại học Đồng Tháp
|